书目信息 |
| 题名: |
约翰·杜威
|
|
| 作者: | 普林 著 ;吴建 , 张韵菲 译 | |
| 分册: | ||
| 出版信息: | 哈尔滨 黑龙江教育出版社 2021.01 |
|
| 页数: | xvi, 234页 | |
| 开本: | 21cm | |
| 丛书名: | 布鲁姆斯伯里图书馆之教育思想 | |
| 单 册: | ||
| 中图分类: | G40-097.12 | |
| 科图分类: | ||
| 主题词: | 教育思想--jiao yu si xiang--研究--美国--现代 | |
| 电子资源: | ||
| ISBN: | 978-7-5316-8917-1 | |
| 000 | 01314nam 2200337 450 | |
| 001 | 012001000873 | |
| 005 | 20140201091001.0 | |
| 010 | @a978-7-5316-8917-1@dCNY28.00 | |
| 099 | @aCAL 012016142048 | |
| 100 | @a20220905d2016 em y0chiy50 ea | |
| 101 | 1 | @achi@ceng |
| 102 | @aCN@b230000 | |
| 105 | @ay a 001yy | |
| 106 | @ar | |
| 200 | 1 | @a约翰·杜威@AYue Han·Du Wei@f(英) 理查德·普林著@d= John Dewey@fRichard Pring@g吴建, 张韵菲译@zeng |
| 210 | @a哈尔滨@c黑龙江教育出版社@d2021.01 | |
| 215 | @axvi, 234页@d21cm | |
| 225 | 2 | @a布鲁姆斯伯里图书馆之教育思想@ABu Lu Mu Si Bo Li Tu Shu Guan Zhi Jiao Yu Si Xiang |
| 314 | @a理查德·普林 (Richard Pring),英国牛津大学格林坦普顿学院教育系荣誉退休教授,目前在英国温切斯特大学教书。作品有《教育的哲学》、《大众教育》等。 | |
| 320 | @a有书目 (第221-227页) 和索引 | |
| 333 | @a教育思想研究人员及相关读者。 | |
| 410 | 0 | @12001 @a布鲁姆斯伯里图书馆之教育思想 |
| 500 | 10 | @aJohn Dewey@mChinese |
| 600 | 0 | @a杜威@Adu wei@g(Dewey, John)@f1859-1952@x教育思想@x研究 |
| 606 | 0 | @a教育思想@Ajiao yu si xiang@x研究@y美国@z现代 |
| 690 | @aG40-097.12@v5 | |
| 701 | 1 | @a普林@Apu lin@g(Pring, Richard)@4著 |
| 702 | 0 | @a吴建@Awu jian@4译 |
| 702 | 0 | @a张韵菲@Azhang yun fei@4译 |
| 801 | 0 | @aCN@bAHXH@c20221111 |
| 905 | @b1365246-50@dG40-097.12@e1278@f5 | |
| 约翰·杜威/(英) 理查德·普林著= John Dewey/Richard Pring/吴建, 张韵菲译.-哈尔滨:黑龙江教育出版社,2021.01 |
| xvi, 234页;21cm.-(布鲁姆斯伯里图书馆之教育思想) |
| 使用对象:教育思想研究人员及相关读者。 |
| ISBN 978-7-5316-8917-1:CNY28.00 |
| ● |
| 相关链接 |
|
|
|
|
正题名:约翰·杜威
索取号:G40-097.12/1278
 
预约/预借
| 序号 | 登录号 | 条形码 | 馆藏地/架位号 | 状态 | 备注 |
| 1 | 1365246 | 213652466 | 第一样本阅览室/ [索取号:G40-097.12/1278] | 在馆 | |
| 2 | 1365247 | 213652475 | 教育系资料室/ [索取号:G40-097.12/1278] | 在馆 | |
| 3 | 1365248 | 213652484 | 教育系资料室/ [索取号:G40-097.12/1278] | 在馆 | |
| 4 | 1365249 | 213652493 | 第四借阅区/ [索取号:G40-097.12/1278] | 在馆 | |
| 5 | 1365250 | 213652509 | 第四借阅区/ [索取号:G40-097.12/1278] | 在馆 |